[Event "Imperia op-A 53rd"]
[Site "Imperia"]
[Date "2011.09.11"]
[Round "9"]
[White "Cavatorta, Fosco"]
[Black "Maniero, Andrea"]
[Result "1-0"]
[WhiteElo "1905"]
[BlackElo "2043"]
[PlyCount "47"]
[EventDate "2011.09.04"]
[EventType "swiss"]
[EventRounds "9"]
[EventCountry "ITA"]
[SourceTitle "EXT 2014"]
[Source "ChessBase"]
[SourceDate "2013.11.20"]
[SourceVersion "1"]
[SourceVersionDate "2013.11.20"]
[SourceQuality "1"]

1. d4 c5 2. e3 e6 3. Bd3 Nf6 4. Nf3 b6 5. 0-0 d5 6. b3 Bb7 7. Bb2 Nbd7 8. Nbd2 Be7 9. Ne5 Nxe5 10. dxe5 Nd7 11. f4 a6 12. c4 Qc7 13. cxd5 Bxd5 14. Rc1 b5 15. a4 Qb7 16. e4 Bc6 17. axb5 axb5 18. Qg4 Rg8 19. f5 exf5 20. exf5 0-0-0 21. Be4 Nxe5 22. Bxe5 Rxd2 23. f6+ Qd7 24. Bf5 1-0

[Event "EU-ch Seniors 11th"]
[Site "Courmayeur"]
[Date "2011.04.14"]
[Round "9"]
[White "Renzini, Lorenzo"]
[Black "Cavatorta, Fosco"]
[Result "1-0"]
[WhiteElo "1747"]
[BlackElo "1914"]
[PlyCount "95"]
[EventDate "2011.04.06"]
[EventType "swiss"]
[EventRounds "9"]
[EventCountry "ITA"]
[SourceTitle "CBM 141 Extra"]
[Source "ChessBase"]
[SourceDate "2011.05.03"]
[SourceVersion "1"]
[SourceVersionDate "2011.05.03"]
[SourceQuality "1"]

1. c4 d6 2. g3 e5 3. Bg2 f5 4. e3 Nf6 5. Ne2 c6 6. Nbc3 Be7 7. 0-0 0-0 8. f4 Na6 9. a3 Be6 10. b3 Nc7 11. Bb2 Rb8 12. Na2 exf4 13. Nxf4 Bf7 14. Qc2 g6 15. Rac1 d5 16. cxd5 Nfxd5 17. Nc3 Nxf4 18. Rxf4 Ne6 19. Rff1 Nc5 20. Ne2 Nxb3 21. Rcd1 Nc5 22. Qc3 Bf6 23. Qxf6 Qxf6 24. Bxf6 Bc4 25. Be7 Bxe2 26. Bxc5 Rfd8 27. Kf2 Bxf1 28. Bxf1 b6 29. Bc4+ Kg7 30. Bd4+ Kf8 31. Ba6 Rd5 32. Bc4 Ra5 33. Bb2 Rc5 34. d3 Rd8 35. Ke2 Ra5 36. d4 b5 37. Bb3 Ra6 38. Bc3 Ke7 39. Bb4+ Kf6 40. Bc5 h5 41. h4 Re8 42. Kf3 g5 43. hxg5+ Kxg5 44. Rh1 b4 45. Bxb4 Rb6 46. Bf7 Rh8 47. Be7+ Kh6 48. Bf6 1-0

[Event "EU-ch Seniors 11th"]
[Site "Courmayeur"]
[Date "2011.04.07"]
[Round "2"]
[White "Cavatorta, Fosco"]
[Black "Pintauro, Antonello"]
[Result "1-0"]
[WhiteElo "1914"]
[BlackElo "1616"]
[PlyCount "79"]
[EventDate "2011.04.06"]
[EventType "swiss"]
[EventRounds "9"]
[EventCountry "ITA"]
[SourceTitle "CBM 141 Extra"]
[Source "ChessBase"]
[SourceDate "2011.05.03"]
[SourceVersion "1"]
[SourceVersionDate "2011.05.03"]
[SourceQuality "1"]

1. d4 Nf6 2. Nf3 g6 3. Bf4 Bg7 4. e3 d6 5. h3 0-0 6. Be2 b6 7. 0-0 Bb7 8. c4 Ne4 9. Bh2 c5 10. Nbd2 Nd7 11. Nxe4 Bxe4 12. Nd2 Bb7 13. Bf3 Bxf3 14. Nxf3 Qc7 15. Qe2 Rac8 16. Rfe1 Rfe8 17. Rac1 Qb7 18. d5 Qa6 19. a3 Qb7 20. e4 Qb8 21. e5 dxe5 22. Nxe5 Nxe5 23. Bxe5 Bxe5 24. Qxe5 Qxe5 25. Rxe5 Rcd8 26. b4 Rd6 27. bxc5 bxc5 28. Rb1 Rb6 29. Rxb6 axb6 30. Re3 Kf8 31. Rb3 Ra8 32. Rxb6 Rxa3 33. Rb5 Ra1+ 34. Kh2 e6 35. dxe6 fxe6 36. Rxc5 Ra7 37. f4 Ke7 38. Re5 Ra4 39. Re4 Kd6 40. c5+ 1-0

[Event "Cento op 1st"]
[Site "Cento"]
[Date "2011.02.08"]
[Round "4"]
[White "Brunello, Marina"]
[Black "Cavatorta, Fosco"]
[Result "1-0"]
[WhiteElo "2155"]
[BlackElo "1917"]
[PlyCount "59"]
[EventDate "2011.02.05"]
[EventType "swiss"]
[EventRounds "9"]
[EventCountry "ITA"]
[SourceTitle "CBM 140 Extra"]
[Source "ChessBase"]
[SourceDate "2011.03.01"]
[SourceVersion "1"]
[SourceVersionDate "2011.03.01"]
[SourceQuality "1"]

1. e4 d6 2. d4 Nf6 3. Nc3 Nbd7 4. Nf3 e5 5. Bc4 Be7 6. 0-0 0-0 7. h3 c6 8. a4 b6 9. Re1 a6 10. b3 Bb7 11. Bb2 b5 12. axb5 axb5 13. Bd3 Re8 14. Ne2 Bf8 15. Ng3 g6 16. Qd2 h6 17. Nh2 Qb6 18. Rxa8 Bxa8 19. c3 Bg7 20. Kh1 exd4 21. cxd4 c5 22. e5 dxe5 23. dxe5 Nd5 24. Ng4 Kh7 25. Nh5 Rh8 26. Nxg7 Kxg7 27. e6+ N7f6 28. Nxf6 Nxf6 29. Bxf6+ Kh7 30. Bxh8 1-0